01440nam a2200361 i 4500001001000000003001000010005001700020007000300037008004100040020002200081040004700103041000800150082002000158100003400178245010300212264004200315264001100357300002700368336002700395337003300422338002800455500005200483505021000535563001500745630005800760650003300818653002500851653002100876942000700897945002800904952012900932999001701061768714001CO-MdFUSB20260422131311.0ta191108t2013 sp |||| b||| 00| 0 spa d a978-84-8267-840-5 aCO-MdFUSBbspacCO-MdFUSBdCO-MdFUSBCerda aspa 223a227.4bP4381 aPérez Millos, Samueleautor1 aGálatas : bcomentario exegético al texto griego del Nuevo Testamentoc/ Samuel Pérez Millos 1aBarcelona, España : bClie,c[2013] 4c©2013 a608 páginasc; 25 cm 2rdacontentatextobtxt 2rdamediaasin mediaciónbn 2rdacarrieravolumenbnc aIncluye índice y referencias bibliográficas aPrólogo.-- El evangelio y el apostolado.-- Damasco.-- Evidencias del apostolado.-- Justificación por la fe.-- Libertad, oposición, alegorías.-- Viviendo en la libertad.-- La ética de la libertad. aPasta dura07aBiblia.pGálatasxCrítica, interpretación, etc. 091842aComentarios Bíblicos aExégesis bíblica aGriego bíblico cBK aCatherine Arias Alvarez 00102ddc3040708GENaFUSBCbFUSBCd2024-11-18l0oG 227.4 P438gp25308r2024-11-18 00:00:00tEj. 1w2024-11-18yBKB0k1 c71225d71225